Faculty of Law Library — Cairo University

Official Online Catalog

Journal Of World History. (Record no. 71400)

MARC details
000 -LEADER
fixed length control field 01099nam a2200325 i 4500
003 - CONTROL NUMBER IDENTIFIER
control field EG-GICUC
005 - DATE AND TIME OF LATEST TRANSACTION
control field 20260416120759.0
008 - FIXED-LENGTH DATA ELEMENTS--GENERAL INFORMATION
fixed length control field 260416s1954 fr ||||fr|||| 00| 0 eng d
040 ## - CATALOGING SOURCE
Original cataloging agency EG-GICUC
Language of cataloging eng
Transcribing agency EG-GICUC
Modifying agency EG-GICUC
Description conventions rda
041 #0 - LANGUAGE CODE
Language code of text/sound track or separate title eng
082 04 - DEWEY DECIMAL CLASSIFICATION NUMBER
Edition number 21
Classification number 341.1
Item number CO . C
092 04 - LOCALLY ASSIGNED DEWEY CALL NUMBER (OCLC)
Edition number 21
099 ## - LOCAL FREE-TEXT CALL NUMBER (OCLC)
Classification number Law1 11 341.1 CO . C 1954
110 #2 - MAIN ENTRY--CORPORATE NAME
Corporate name or jurisdiction name as entry element Commission Internationale Pour Une Histoire Du Développement Scientifique Et Culturel De L'humanité
Relator term Author.
245 10 - TITLE STATEMENT
Title Journal Of World History.
246 1# - VARYING FORM OF TITLE
Title proper/short title Cahiers D'histoire Mondiale
246 1# - VARYING FORM OF TITLE
Title proper/short title Cuadernos De Historia Mundial
264 ## - PRODUCTION, PUBLICATION, DISTRIBUTION, MANUFACTURE, AND COPYRIGHT NOTICE
Place of production, publication, distribution, manufacture Paris :
Name of producer, publisher, distributor, manufacturer Librairie Des Méridiens,
Date of production, publication, distribution, manufacture, or copyright notice 1954.
300 ## - PHYSICAL DESCRIPTION
Extent 728 pages,
Dimensions 24 سم
336 ## - CONTENT TYPE
Source rda content
Content type term text
337 ## - MEDIA TYPE
Source rda media
Media type term Computer
338 ## - CARRIER TYPE
Source rda carrier
Carrier type term Online Resource
500 ## - GENERAL NOTE
General note VOLUME I<br/>Nº 3<br/>JANVIER 1954
504 ## - BIBLIOGRAPHY, ETC. NOTE
Bibliography, etc. note Includes bibliographical references.<br/><br/>
546 ## - LANGUAGE NOTE
Language note Text in English
650 14 - SUBJECT ADDED ENTRY--TOPICAL TERM
Source of heading or term Public international law
856 40 - ELECTRONIC LOCATION AND ACCESS
Uniform Resource Identifier <a href="https://fll.law.cu.edu.eg/fulltext/bks/B11-05342.pdf">https://fll.law.cu.edu.eg/fulltext/bks/B11-05342.pdf</a>
905 ## - Cataloger and Reviser Names
Cataloger Name: Basma Mohamed
942 ## - ADDED ENTRY ELEMENTS (KOHA)
Source of classification or shelving scheme Dewey Decimal Classification
Koha item type Books
Edition 21
Suppress in OPAC No
Holdings
Withdrawn status Lost status Source of classification or shelving scheme Damaged status Not for loan Collection Home library Current library Date acquired Total checkouts Full call number Barcode Date last seen Copy number Price effective from Koha item type
    Dewey Decimal Classification   Not for loan القانون الدولي العام جــــامعة القــاهرة مكتبة كلية الحقوق - المبنى الرئيسي 16.04.2026   Law1 11 341.1 CO . C 1954 1105342 C1 B11-05342 16.04.2026 1 16.04.2026 Books

© All rights reserved — Faculty of Law, Cairo University